LEADER 01353nam--2200397---450- 001 990001135940203316 005 20090519151202.0 010 $a88-513-0086-0 035 $a000113594 035 $aUSA01000113594 035 $a(ALEPH)000113594USA01 035 $a000113594 100 $a20030321d2002----km-y0enga50------ba 101 0 $aita 102 $aIT 105 $ay|||z|||001yy 200 1 $a<> false comunicazioni sociali$ele nuove ipotesi di reato, introdotte dal D.Lgs. 11 aprile 2002, n.61$fSara Gennai, Alessandro Traversi 210 $aNapoli$cEsselibri-Simone$cSistemi editoriali$d2002 215 $a172 p.$d24 cm 225 2 $aProfessionisti, tecnici e imprese$vT100 410 0$12001$aProfessionisti, tecnici e imprese$vT100 606 0 $aReato di false comunicazioni sociali 676 $a345.450268 700 1$aGENNAI,$bSara$0267154 701 1$aTRAVERSI,$bAlessandro$0226139 801 0$aIT$bsalbc$gISBD 912 $a990001135940203316 951 $aXXVI.1.G 52 (IG XI 857)$b36544 G.$cXXVI.1.G 52 (IG XI)$d00097551 959 $aBK 969 $aGIU 979 $aMARIA$b10$c20030321$lUSA01$h1037 979 $aRENATO$b90$c20040203$lUSA01$h1222 979 $aPATRY$b90$c20040406$lUSA01$h1718 979 $aRSIAV1$b90$c20090519$lUSA01$h1512 996 $aFalse comunicazioni sociali$9980329 997 $aUNISA LEADER 02192nam 2200589 450 001 9910788780803321 005 20220825045337.0 010 $a0-8218-7609-0 035 $a(CKB)3240000000069549 035 $a(EBL)3112959 035 $a(SSID)ssj0000629262 035 $a(PQKBManifestationID)11393253 035 $a(PQKBTitleCode)TC0000629262 035 $a(PQKBWorkID)10718258 035 $a(PQKB)11693322 035 $a(MiAaPQ)EBC3112959 035 $a(RPAM)934343 035 $a(PPN)197103413 035 $a(EXLCZ)993240000000069549 100 $a19830913h19831983 uy| 0 101 0 $aeng 135 $aur|n|---||||| 181 $ctxt 182 $cc 183 $acr 200 10$aCentral extensions, Galois groups, and ideal class groups of number fields /$fA. Fro?hlich 210 1$aProvidence, Rhode Island :$cAmerican Mathematical Society,$d[1983] 210 4$dİ1983 215 $a1 online resource (96 p.) 225 1 $aContemporary mathematics,$x0271-4132 ;$v24 300 $aDescription based upon print version of record. 311 $a0-8218-5022-9 320 $aIncludes bibliographical references. 327 $aTable of Contents -- 1. Background from Class Field Theory -- 2. The Genus Field and the Genus Group -- 3. Central Extensions -- 4. Maximal Quasi Central Extensions, Maximal L-Extensions and Maximal Class Two Extensions -- 5. More on Class Groups -- 6. Some Remarks on History and Literature -- Literature. 410 0$aContemporary mathematics (American Mathematical Society).$v24$x0271-4132 606 $aClass field theory 606 $aField extensions (Mathematics) 606 $aGalois theory 606 $aClass groups (Mathematics) 615 0$aClass field theory. 615 0$aField extensions (Mathematics) 615 0$aGalois theory. 615 0$aClass groups (Mathematics) 676 $a512/.3 700 $aFro?hlich$b A$g(Albrecht),$f1916-$055747 801 0$bMiAaPQ 801 1$bMiAaPQ 801 2$bMiAaPQ 906 $aBOOK 912 $a9910788780803321 996 $aCentral extensions, Galois groups, and ideal class groups of number fields$93699401 997 $aUNINA